<?xml version="1.0" encoding="UTF-8"?>
<record
    xmlns:xsi="http://www.w3.org/2001/XMLSchema-instance"
    xsi:schemaLocation="http://www.loc.gov/MARC21/slim http://www.loc.gov/standards/marcxml/schema/MARC21slim.xsd"
    xmlns="http://www.loc.gov/MARC21/slim">

  <leader>00353nam a2200133Ia 4500</leader>
  <controlfield tag="008">240624s9999    xx            000 0 und d</controlfield>
  <datafield tag="041" ind1=" " ind2=" ">
    <subfield code="a">eng</subfield>
  </datafield>
  <datafield tag="082" ind1=" " ind2=" ">
    <subfield code="a">658.40621 BRI</subfield>
  </datafield>
  <datafield tag="100" ind1=" " ind2=" ">
    <subfield code="a">BRIDGES WILLIAM</subfield>
  </datafield>
  <datafield tag="245" ind1=" " ind2=" ">
    <subfield code="a">MANAGING TRANSITIONS MAKING THE MOST OF</subfield>
  </datafield>
  <datafield tag="260" ind1=" " ind2=" ">
    <subfield code="c">1991</subfield>
    <subfield code="a">Cambridge</subfield>
    <subfield code="b">Perseus Books</subfield>
  </datafield>
  <datafield tag="300" ind1=" " ind2=" ">
    <subfield code="a">x, : 130 : p. : cm. ; 23</subfield>
  </datafield>
  <datafield tag="365" ind1=" " ind2=" ">
    <subfield code="c"></subfield>
    <subfield code="b">20</subfield>
  </datafield>
  <datafield tag="999" ind1=" " ind2=" ">
    <subfield code="c">9639</subfield>
    <subfield code="d">9639</subfield>
  </datafield>
  <datafield tag="952" ind1=" " ind2=" ">
    <subfield code="0">0</subfield>
    <subfield code="1">0</subfield>
    <subfield code="4">0</subfield>
    <subfield code="7">0</subfield>
    <subfield code="a">IMTN</subfield>
    <subfield code="b">IMTN</subfield>
    <subfield code="c">Rack 31-A</subfield>
    <subfield code="d">2008-09-17</subfield>
    <subfield code="e">WBD</subfield>
    <subfield code="g">20.00</subfield>
    <subfield code="l">2</subfield>
    <subfield code="n">358</subfield>
    <subfield code="o">658.40621 BRI</subfield>
    <subfield code="p">9639</subfield>
    <subfield code="r">2025-02-24 00:00:00</subfield>
    <subfield code="s">2025-02-13</subfield>
    <subfield code="t">45.2</subfield>
    <subfield code="w">2024-06-24</subfield>
    <subfield code="y">BK</subfield>
  </datafield>
</record>
